| 000 | 00517nam a22001697a 4500 | ||
|---|---|---|---|
| 003 | NUST | ||
| 005 | 20220818113444.0 | ||
| 008 | 220818b ||||| |||| 00| 0 eng d | ||
| 020 | _a9798598622865 | ||
| 038 | _aAzhar | ||
| 082 |
_a641.5973 _bKOO |
||
| 100 |
_aThe Kookers _997960 |
||
| 245 |
_aThe happy American cookbook _b200+ easy and modern food recipes to enjoy in the comfort of your home and feed your deepest cravings _cThe Kookers |
||
| 260 |
_aUSA _bThe Kookers _c2021 |
||
| 300 | _a159p | ||
| 942 |
_2ddc _cLC |
||
| 999 |
_c591204 _d591204 |
||